La bioetica en una sociedad liberal
Αποθηκεύτηκε σε:
| Άλλοι συγγραφείς: | |
|---|---|
| Μορφή: | Βιβλίο |
| Γλώσσα: | Spanish English |
| Δημοσίευση: |
Cambridge :
Cabridge University PRess,
c1996.
|
| Θέματα: | |
| Ετικέτες: |
Προσθήκη ετικέτας
Δεν υπάρχουν, Καταχωρήστε ετικέτα πρώτοι!
|
MARC
| LEADER | 00000cam a2200000 i 4500 | ||
|---|---|---|---|
| 001 | 1/70557 | ||
| 008 | 990225s1996 gr | ||| |||| ||spa|| | ||
| 020 | |a 0521555965 | ||
| 035 | |l 10048131 | ||
| 040 | |a GR-MyUA |b gre |e AACR2 | ||
| 041 | 1 | |a spa |h eng | |
| 082 | 0 | |a 174.2 | |
| 245 | 1 | 3 | |a La bioetica en una sociedad liberal / |c Max Charlesworth ; traduccion de con la colaboracion de Language Consultancy Systems S. L. |
| 260 | |a Cambridge : |b Cabridge University PRess, |c c1996. | ||
| 300 | |a 212 σ. | ||
| 500 | |a Τίτλος πρωτοτύπου: Bioethics in a liberal society. | ||
| 504 | |a Περιέχει βιβλιογραφικές αναφορές και ευρετήριο. | ||
| 650 | 0 | 0 | |a Bioethics. |
| 700 | 1 | |a Charlesworth, M. J. |q (Maxwell John), |d 1925-2014. | |
| 852 | |a INST |b LESVOS |e 19990225 |h 174.2 CHA |p 005100016917 |q 005100016917 |t BK |y 0 | ||
| 901 | |a BIBL-1999-1 | ||
| 909 | |a Λ |b 061270 | ||
| 922 | |a 1ΕΛΗ |b 199811 |c ΚΠΣ/ΤΚ |d ΠΑΠΑΣΩΤΗΡΙΟΥ | ||
| 950 | |a 103-1998-07-27 | ||